[Event "AUTO-ADV-4448"]
[Site "http://www.queenalice.com/game.php?id=1639595"]
[Date "2021.1.12"]
[Round "1"]
[White "Sirius"]
[Black "diegem"]
[Result "0-1"]
[WhiteElo "1722"]
[BlackElo "1974"]

1. e4 e5 2. Nf3 Nc6 3. d3 Nf6 4. Bg5 Be7 5. h4 Ng8 6. g3 d6 7. c3 Bg4 8. Bxe7
Qxe7 9. Bg2 Nf6 10. O-O O-O 11. Qb3 b6 12. Nbd2 Na5 13. Qc2 Rab8 14. b4 Nb7 15.
c4 Nd8 16. a4 Ne6 17. Ng5 Nxg5 18. b5 Ne6 19. f3 Bh5 20. g4 Bxg4 21. fxg4 Nxg4
22. Rf3 Nd4 23. Qd1 Nxf3+ 24. Nxf3 Ne3 25. Qd2 Nxg2 26. Qxg2 Qe6 27. Kf2 Qg6 28.
Ng5 h6 29. Nf3 Qxg2+ 30. Kxg2 f5 31. h5 fxe4 32. dxe4 Rf4 33. Re1 Rbf8 34. Re3
Rg4+ 35. Kh3 Rff4 36. Nh2 Rh4+ 37. Kg2 Rxe4 38. Rxe4 Rxe4 0-1

[Event "AUTO-ADV-4448"]
[Site "http://www.queenalice.com/game.php?id=1639596"]
[Date "2021.1.12"]
[Round "1"]
[White "diegem"]
[Black "Sirius"]
[Result "1-0"]
[WhiteElo "1964"]
[BlackElo "1736"]

1. e4 e5 2. Nf3 a6 3. Nc3 Bc5 4. Nxe5 Qf6 5. Nf3 d6 6. Bc4 Bg4 7. Be2 Bxf3 8.
Bxf3 Nh6 9. Nd5 Qe5 10. Nxc7+ Kf8 11. Nxa8 Nc6 12. Nc7 d5 13. Nxd5 Nd4 14. d3 g5
15. O-O Nxf3+ 16. Qxf3 Bd6 17. Qg3 Qxg3 18. hxg3 Rg8 19. Nf6 Rg7 20. Bxg5 Rxg5
21. Nxh7+ Ke7 22. Nxg5 f6 23. Nf3 Ng4 24. Nh2 1-0

[Event "AUTO-OPEN-4229"]
[Site "http://www.queenalice.com/game.php?id=1647221"]
[Date "2021.3.21"]
[Round "2"]
[White "johndyson2"]
[Black "Sirius"]
[Result "1-0"]
[WhiteElo "2452"]
[BlackElo "1712"]

1. Nf3 f6 2. d4 d5 3. e3 a6 4. c4 b6 5. cxd5 Qxd5 6. Nc3 Qa5 7. Bd2 e6 8. Nb5
Qxd2+ 9. Nxd2 axb5 10. Bxb5+ Kf7 11. O-O h5 12. Rc1 c6 13. Qf3 Bb7 14. Ne4 cxb5
15. Ng5+ Kg6 16. Qxb7 Rxa2 17. Nxe6 Bd6 18. Qxg7+ Kf5 19. e4+ Kxe6 20. d5+ Ke5
21. Qg3+ Kxe4 22. Qf3+ Kd4 23. Rcd1+ Kc4 24. Qc3# 1-0

[Event "AUTO-OPEN-4229"]
[Site "http://www.queenalice.com/game.php?id=1647222"]
[Date "2021.3.21"]
[Round "2"]
[White "Sirius"]
[Black "johndyson2"]
[Result "0-1"]
[WhiteElo "1701"]
[BlackElo "2455"]

1. e4 c6 2. Bc4 d5 3. Bd3 dxe4 4. Bxe4 Nf6 5. f3 e5 6. d3 Bc5 7. Ne2 O-O 8. a3
Nd5 9. c4 Ne3 10. Bxe3 Bxe3 11. Nbc3 f5 12. Ng3 fxe4 13. dxe4 Qg5 14. Qe2 Na6
15. Nf5 Bxf5 16. exf5 Nc5 17. Ne4 Nxe4 18. fxe4 Rad8 19. h4 Qg3+ 20. Kf1 Qf4+
21. Qf3 Qh6 22. Re1 Bb6 23. g4 Rd2 24. Re2 Rd1+ 25. Kg2 Rxh1 26. Kxh1 Qxh4+ 27.
Rh2 Qe1+ 28. Kg2 Qg1+ 29. Kh3 Rf6 30. Rg2 Qh1+ 31. Kg3 Rh6 32. Rh2 Qxh2# 0-1

[Event "AUTO-OPEN-4229"]
[Site "http://www.queenalice.com/game.php?id=1647229"]
[Date "2021.3.21"]
[Round "2"]
[White "Sirius"]
[Black "erig1969"]
[Result "1-0"]
[WhiteElo "1748"]
[BlackElo "2108"]

1. g3 d5 2. d3 g6 3. c3 Bg7 4. h4 Nf6 5. Bg2 e5 6. Bg5 c6 7. Nf3 Qd6 8. O-O Bf5
9. Bxf6 Bxf6 10. d4 e4 11. Nh2 Qd7 12. a4 Bh3 13. e3 Bxg2 14. Kxg2 Qe7 15. Nd2
O-O 16. f3 exf3+ 17. Ndxf3 Qxe3 18. Re1 Qh6 19. Ng4 Qg7 20. Qb3 b6 21. c4 Bxd4
22. cxd5 c5 23. d6 Bxb2 24. Rad1 Nd7 25. Nh6+ Qxh6 26. Qxb2 Rad8 27. Re7 Qg7 28.
Qxg7+ Kxg7 29. Ng5 h6 30. Ne6+ Kf6 31. Nxf8 Nxf8 32. Rxa7 Nd7 33. Re1 Ne5 34.
Rd1 Ke6 35. a5 bxa5 36. Re7+ Kf6 37. Rf1+ Kg7 38. Rxe5 Rxd6 39. Rxc5 a4 40. Rc7
a3 41. Rcxf7+ 1-0

[Event "AUTO-INT-3566"]
[Site "http://www.queenalice.com/game.php?id=1647967"]
[Date "2021.3.27"]
[Round "2"]
[White "Sirius"]
[Black "marcoswerneck"]
[Result "1/2-1/2"]
[WhiteElo "1729"]
[BlackElo "1898"]

1. d3 e5 2. h4 d5 3. Nf3 Nc6 4. b3 d4 5. g3 h6 6. Bg2 Nf6 7. O-O Be7 8. Ba3 Bxa3
9. Nxa3 a6 10. Nc4 Be6 11. Ncxe5 Bd5 12. Nxc6 Bxc6 13. a4 Qd5 14. a5 g5 15. e4
dxe3 16. fxe3 gxh4 17. Nxh4 Qd6 18. Bxc6+ Qxc6 19. e4 O-O-O 20. Nf3 Rhg8 21. Kf2
Ng4+ 22. Ke2 Qc5 23. d4 Qe7 24. Qd3 f5 25. Nd2 fxe4 26. Nxe4 h5 27. Kd2 Qb4+ 28.
Ke2 Qe7 29. Rh1 Nf6 30. Rh4 Rg4 31. Kf3 Qxe4+ 32. Qxe4 Nxe4 33. Rxg4 Nd2+ 34.
Ke3 Nxb3 35. cxb3 hxg4 36. Rh1 Rf8 37. Ke4 Rf3 38. Rh8+ Kd7 39. Rh7+ Kc8 40.
Rh8+ 1/2-1/2

[Event "AUTO-INT-3566"]
[Site "http://www.queenalice.com/game.php?id=1647968"]
[Date "2021.3.27"]
[Round "2"]
[White "marcoswerneck"]
[Black "Sirius"]
[Result "1-0"]
[WhiteElo "1889"]
[BlackElo "1710"]

1. e4 e5 2. d3 Bc5 3. Nf3 h6 4. a3 c6 5. Nxe5 Qf6 6. Nf3 a5 7. Be2 d5 8. e5 Qg6
9. g3 Bh3 10. d4 Ba7 11. Nc3 Bg2 12. Rg1 Bxf3 13. Bxf3 Qe6 14. Be3 h5 15. Qd3
Nd7 16. h3 Qxh3 17. O-O-O Ne7 18. Rh1 Qf5 19. Be2 Qxd3 20. Rxd3 Nf5 21. Bf4 Bxd4
22. g4 Bxe5 23. gxf5 Bxf4+ 24. Kb1 Be5 25. Nd1 Nc5 26. Rdh3 g6 27. fxg6 fxg6 28.
Re3 Nd7 29. f4 O-O-O 30. fxe5 d4 31. Rg3 Nxe5 32. Nf2 Rhf8 33. Nd3 Nxd3 34. Bxd3
Rf4 35. Rxg6 Rd5 36. Rh6 1-0

[Event "AUTO-OPEN-4274"]
[Site "http://www.queenalice.com/game.php?id=1650274"]
[Date "2021.4.20"]
[Round "1"]
[White "Sirius"]
[Black "Asspain"]
[Result "0-1"]
[WhiteElo "1732"]
[BlackElo "2123"]

1. e4 c6 2. d4 d5 3. Bd3 dxe4 4. Bxe4 Nf6 5. Nc3 Nxe4 6. Nxe4 Bf5 7. Nc5 Nd7 8.
Nxb7 Qb6 9. Nc5 Nxc5 10. dxc5 Qxc5 11. c3 e6 12. Be3 Qb5 13. Nf3 c5 14. Ne5 Be7
15. a4 Qb7 16. f3 Rd8 17. Qe2 O-O 18. O-O f6 19. Nc4 Bd3 20. Na5 Qa6 21. Qf2
Bxf1 22. Qxf1 Qxa5 23. Bf2 Rd2 24. Qc1 Rxf2 25. Kxf2 c4 26. g4 Rd8 27. h4 Qe5
28. a5 Bd6 29. b4 Qh2+ 30. Kf1 Qh1+ 31. Ke2 Qg2+ 32. Ke1 Bg3# 0-1

[Event "AUTO-OPEN-4274"]
[Site "http://www.queenalice.com/game.php?id=1650275"]
[Date "2021.4.20"]
[Round "1"]
[White "Asspain"]
[Black "Sirius"]
[Result "1-0"]
[WhiteElo "2128"]
[BlackElo "1736"]

1. e4 e5 2. Nf3 Qf6 3. Nc3 b6 4. Nd5 Qd6 5. d4 Nc6 6. dxe5 Nxe5 7. Bf4 f6 8.
Nxe5 fxe5 9. Qh5+ Kd8 10. Bxe5 g6 11. Bxd6 gxh5 12. Bxf8 c6 13. Bg7 cxd5 14.
Bxh8 dxe4 15. O-O-O Ne7 16. Bf6 a6 17. Be2 Bb7 18. Bxh5 d5 19. Bf7 Kd7 20. Bxe7
Kxe7 21. Bxd5 Bxd5 22. Rxd5 Rd8 23. Rxd8 Kxd8 24. Re1 b5 25. Rxe4 1-0

[Event "AUTO-OPEN-4274"]
[Site "http://www.queenalice.com/game.php?id=1650276"]
[Date "2021.4.20"]
[Round "1"]
[White "Sirius"]
[Black "giobonatto"]
[Result "0-1"]
[WhiteElo "1702"]
[BlackElo "2107"]

1. e4 Nf6 2. Nc3 g6 3. d4 Bg7 4. e5 Ng8 5. Nf3 d5 6. h3 a6 7. Bg5 f6 8. exf6
exf6 9. Be3 Nc6 10. Bd3 Nge7 11. O-O O-O 12. a3 Nf5 13. b4 Nxe3 14. fxe3 Re8 15.
e4 dxe4 16. Bxe4 f5 17. Bd5+ Be6 18. Bxc6 bxc6 19. Ne2 Bc4 20. Rf2 Bxe2 21. Rxe2
Rxe2 22. Qxe2 Bxd4+ 23. Kh1 Bxa1 24. Qe6+ Kg7 25. Ng5 Qxg5 0-1

[Event "AUTO-OPEN-4274"]
[Site "http://www.queenalice.com/game.php?id=1650277"]
[Date "2021.4.20"]
[Round "1"]
[White "giobonatto"]
[Black "Sirius"]
[Result "1-0"]
[WhiteElo "2106"]
[BlackElo "1734"]

1. c4 b6 2. g3 Bb7 3. Nf3 e5 4. Bg2 e4 5. Nd4 c5 6. Nb5 a6 7. N5c3 f5 8. d3 d5
9. Nxd5 Bxd5 10. cxd5 Qxd5 11. Nc3 Qe5 12. dxe4 fxe4 13. Bxe4 Ra7 14. Bf4 Qe6
15. Qa4+ Nd7 16. O-O-O b5 17. Nxb5 Rb7 18. Nd6+ Bxd6 19. Rxd6 Rb4 20. Rxe6+ Ne7
21. Qc6 1-0

[Event "AUTO-OPEN-4274"]
[Site "http://www.queenalice.com/game.php?id=1650278"]
[Date "2021.4.20"]
[Round "1"]
[White "Sirius"]
[Black "maurice91"]
[Result "0-1"]
[WhiteElo "1760"]
[BlackElo "1850"]

1. e4 c6 2. Bc4 e6 3. a3 d5 4. exd5 exd5 5. Ba2 Nf6 6. f3 Bd6 7. d4 Na6 8. Bg5
Be6 9. Ne2 h6 10. Bxf6 Qxf6 11. c3 O-O 12. Qb3 Rab8 13. Nd2 c5 14. Qc2 cxd4 15.
Nxd4 Rfe8 16. O-O-O Rbc8 17. Bb1 g6 18. g4 Qxd4 19. cxd4 Rxc2+ 20. Bxc2 Rc8 21.
Kb1 b5 22. b4 Bf4 23. Nb3 Rc3 24. Rdf1 Rc7 25. Bd3 Bd7 26. Nc5 Nxc5 27. bxc5 a6
28. h4 Be3 29. h5 g5 30. Bf5 Bxf5+ 31. gxf5 Bxd4 32. Rd1 Rxc5 33. Rxd4 Rc3 34.
Kb2 Rxf3 35. Rxd5 Kg7 36. Rc1 g4 37. Rc6 g3 38. f6+ Kh7 39. Rd2 a5 40. Rb6 b4
41. axb4 axb4 42. Rg2 Rf2+ 43. Rxf2 gxf2 44. Rb7 f1=Q 45. Rxf7+ Kg8 46. Rg7+ Kf8
47. Rg6 Qe2+ 48. Kb3 Qxh5 0-1

[Event "AUTO-OPEN-4274"]
[Site "http://www.queenalice.com/game.php?id=1650279"]
[Date "2021.4.20"]
[Round "1"]
[White "maurice91"]
[Black "Sirius"]
[Result "0-1"]
[WhiteElo "1942"]
[BlackElo "1736"]

1. d4 g6 2. Nf3 Bg7 3. e4 Nf6 4. Bd3 d6 5. O-O Bg4 6. h3 Bxf3 7. Qxf3 O-O 8. Re1
Nc6 9. Bg5 Nxd4 10. Qd1 b5 11. Nc3 c6 12. Be3 Ne6 13. Qf3 a5 14. e5 Nd5 15. Nxd5
cxd5 16. Qxd5 Bxe5 17. f4 Nxf4 18. Bxf4 Bxf4 19. Bxb5 Qb6+ 20. Kh1 e5 21. a4
Rac8 22. c4 Rc5 23. Qd3 f5 24. g3 Qb7+ 25. Kh2 e4 26. Qe3 Bxe3 27. Rxe3 f4 28.
gxf4 Rxf4 29. Re2 d5 30. cxd5 Qxd5 31. Rae1 g5 32. b3 Rc3 33. Bc4 Rxc4 34. bxc4
Qxc4 35. Kg3 Rf3+ 36. Kh2 Qc7+ 37. Kh1 Rxh3+ 38. Kg1 Qb6+ 39. Kg2 g4 40. Rxe4 h5
41. Re8+ Kf7 42. R1e7+ Kf6 43. Rh7 Qb2+ 0-1

[Event "AUTO-INT-3602"]
[Site "http://www.queenalice.com/game.php?id=1757943"]
[Date "2021.4.29"]
[Round "2"]
[White "forever"]
[Black "Sirius"]
[Result "0-1"]
[WhiteElo "1754"]
[BlackElo "1719"]

1. e4 e5 2. Bc4 c6 3. Nf3 d5 4. exd5 cxd5 5. Bb5+ Bd7 6. Bxd7+ Nxd7 7. c3 e4 8.
Nd4 Bc5 9. Qa4 Nf6 10. O-O O-O 11. Nf5 Ne5 12. Qc2 Nd3 0-1

[Event "AUTO-INT-3602"]
[Site "http://www.queenalice.com/game.php?id=1757944"]
[Date "2021.4.29"]
[Round "2"]
[White "Sirius"]
[Black "forever"]
[Result "1-0"]
[WhiteElo "1700"]
[BlackElo "1773"]

1. d4 d6 2. e4 c6 3. h3 e6 4. c3 Nd7 5. h4 h6 6. Nf3 b6 7. g3 Ndf6 8. e5 dxe5 9.
Nxe5 Bb7 10. Bg2 Qc7 11. Bf4 Bd6 12. Qf3 Nd5 13. Nxf7 Kxf7 14. Bxd6+ 1-0

[Event "AUTO-INT-3602"]
[Site "http://www.queenalice.com/game.php?id=1757945"]
[Date "2021.4.29"]
[Round "2"]
[White "SamuraiJOM"]
[Black "Sirius"]
[Result "0-1"]
[WhiteElo "1706"]
[BlackElo "1758"]

1. e4 e5 2. Nf3 Nc6 3. a3 Bc5 4. Bc4 Nh6 5. c3 O-O 6. d3 Ng4 7. d4 exd4 8. cxd4
Nxd4 9. Nxd4 d6 10. Be3 Qf6 11. Nf3 Qxb2 12. Nbd2 Bxa3 13. O-O Bc5 14. Bxc5 dxc5
15. Nb3 Be6 16. Nbd2 b5 17. Ra2 Qf6 18. Bxe6 Qxe6 19. Ng5 Qxa2 20. h3 Nf6 21. e5
Nd7 22. Ngf3 Qe6 23. Re1 c4 24. Ng5 Qg6 25. Nde4 Nxe5 26. Qd5 Nd3 27. Rf1 c6 28.
Qd4 h6 29. Nf3 Nf4 30. Nh4 Ne2+ 31. Kh2 Qxg2+ 32. Nxg2 Nxd4 33. Nc5 Rad8 34. Ne4
Nf3+ 35. Kh1 f5 36. Nc3 Rd3 37. Ne2 g5 38. Nc1 Rd2 39. Ne3 f4 40. Ng4 Kg7 41.
Kg2 Nh4+ 42. Kg1 c3 43. Na2 Rxa2 44. Ne5 Rd8 45. Nxc6 Rd3 46. Nb4 Rad2 47. Nxd3
Rxd3 48. Kh2 b4 49. Ra1 c2 50. Rxa7+ Kg6 51. Ra6+ Kh5 0-1

[Event "AUTO-INT-3602"]
[Site "http://www.queenalice.com/game.php?id=1757946"]
[Date "2021.4.29"]
[Round "2"]
[White "Sirius"]
[Black "SamuraiJOM"]
[Result "1-0"]
[WhiteElo "1772"]
[BlackElo "1714"]

1. e4 e5 2. Bc4 Nf6 3. d3 Bc5 4. Be3 Bxe3 5. fxe3 d5 6. exd5 Nxd5 7. Qf3 c6 8.
e4 Nf6 9. Nc3 Nbd7 10. O-O-O Nc5 11. h3 b5 12. Bb3 Nxb3+ 13. axb3 b4 14. Na2 c5
15. Ne2 a5 16. c4 Bb7 17. g4 h6 18. Qf5 Nd7 19. Rhf1 Nf6 20. Qxe5+ Kf8 21. Qxc5+
Kg8 22. Nf4 Rc8 23. Qe5 Qd7 24. Kb1 Re8 25. Qxa5 Qd6 26. Nxb4 Ra8 27. Qb5 Ra7
28. e5 Qd7 29. exf6 Qxb5 30. cxb5 gxf6 31. Nh5 Bg2 32. Rxf6 Bxh3 33. Rg1 Kf8 34.
Nc6 Rb7 35. Nf4 Bxg4 36. Rxg4 Rxb5 37. Ng6+ Kg7 38. Rxf7+ Kxf7 39. Nxh8+ Kf8 40.
Ng6+ Ke8 41. Re4+ Kd7 42. Nce5+ Kd6 43. Nc4+ Kc6 44. Ne7+ Kc7 45. Kc2 h5 46. Ne5
Kd6 47. Nc4+ Kd7 48. Ng6 Kd8 49. Nd6 Rb6 50. Nf7+ Kd7 51. Nge5+ Kc7 52. Rc4+ Kb7
53. Nd8+ Ka7 54. Ra4+ Kb8 55. Ndc6+ Kc7 56. Rc4 1-0

[Event "Challenge"]
[Site "http://www.queenalice.com/game.php?id=1764704"]
[Date "2021.7.18"]
[Round "-"]
[White "MADMIKE"]
[Black "Sirius"]
[Result "1-0"]
[WhiteElo "1836"]
[BlackElo "1764"]

1. d4 d5 2. Nc3 e6 3. a3 g5 4. e4 Bg7 5. e5 Bd7 6. Qg4 h6 7. Bd3 Nc6 8. Nf3 a6
9. O-O b5 10. b4 Nge7 11. Nd2 Nf5 12. Bxf5 h5 13. Qe2 Nxd4 14. Qd3 Nxf5 15. Nf3
Bh6 16. Nd4 Nxd4 17. Qxd4 h4 18. h3 Bg7 19. f3 f6 20. exf6 Bxf6 21. Qd3 Rg8 22.
Bb2 d4 23. Ne4 Be5 24. Bxd4 Bxd4+ 25. Qxd4 c6 26. Nf6+ Kf7 27. Nxg8 Qxg8 28.
Qxd7+ Kf6 29. f4 Rd8 30. fxg5+ Kxg5 31. Qe7+ Kh5 32. Qf6 Rd5 33. Rae1 Rf5 34.
Rxf5+ exf5 35. Qxf5+ 1-0

[Event "Challenge"]
[Site "http://www.queenalice.com/game.php?id=1764705"]
[Date "2021.7.18"]
[Round "-"]
[White "Sirius"]
[Black "MADMIKE"]
[Result "0-1"]
[WhiteElo "1778"]
[BlackElo "1827"]

1. d4 d5 2. e3 a6 3. Nf3 Bg4 4. Nbd2 Nc6 5. Be2 e6 6. Ne5 Bxe2 7. Qxe2 Nxe5 8.
dxe5 Bc5 9. Nb3 b6 10. f4 Ne7 11. a4 Nf5 12. a5 Bb4+ 13. c3 Bxa5 14. Nxa5 bxa5
15. Rxa5 O-O 16. Rxa6 Rxa6 17. Qxa6 c5 18. Qe2 d4 19. exd4 cxd4 20. c4 d3 21.
Qe4 Qa5+ 22. Bd2 Qa1+ 23. Kf2 Qxh1 24. h3 Qb1 25. b4 Qc2 26. Ke1 Ng3 27. Qf3 Ne2
28. c5 Qb1+ 29. Kf2 Qg1# 0-1